000 01043njm a22002777a 4500
005 2010092108448.0
006 a|||||r|||||00| 0
007 sd ammalaaahaa
008 100907t xxu||||| |||| 00| 0 eng d
028 _aSFLP-1275
_bSuper
035 _aGR-07763
100 _aBhosle, Asha
_918693
245 _aSaazish /
_cby Asha Bhosle ; Music Kalyanji Anandji ; lyric Anand Bakhsi
_h[Sound recording]
246 _aसाज़िश /
260 _aDum Dum, India
_bSuper
_c1988
300 _a1 sound disc [Gramophone Recording]
_banalog, 33 1/3rpm ;
_c12 in. (LP)
_fGramaphone Records
500 _aBrief records
500 _aRecord Lables Super, Red
505 _aSide-1 (Hello Friends, Good Evening) (Suresh Wadkar), --Side-2 (Yeh Shahar Yeh Sharhar) (Kishore Kumar)
600 _2Bhosle, Asha
650 _aClassical Music
_xExcerpts
_zIndia
_918694
700 _aAnandji, Kalyanji
_920896
700 _aBakhsi
_920897
942 _2ddc
_cGR
999 _c47184
_d47184